Resettlement of Displaced Persons on the Thai-Myanmar Border [electronic resource] / edited by Benjamin Harkins, Supang Chantavanich.
Record details
- ISBN: 9783319027920
- Physical Description: XIX, 116 p. 34 illus., 31 illus. in color. online resource.
- Publisher: Cham : Springer International Publishing : 2014.
Search for related items by subject
| Subject: | Environmental sciences. Environmental law. Migration. Environment. Environmental Law/Policy/Ecojustice. Migration. International Relations. |
Search for related items by series
Electronic resources
| LDR | 01805nam a22004695i 4500 | ||
|---|---|---|---|
| 001 | 20503 | ||
| 003 | CONS | ||
| 005 | 20131125092547.0 | ||
| 007 | cr nn 008mamaa | ||
| 008 | 131125s2014 gw | s |||| 0|eng d | ||
| 020 | . | ‡a9783319027920 ‡9978-3-319-02792-0 | |
| 024 | 7 | . | ‡a10.1007/978-3-319-02792-0 ‡2doi |
| 035 | . | ‡a(DE-He213)978-3-319-02792-0 | |
| 050 | 4. | ‡aK3581-3598.22 | |
| 050 | 4. | ‡aGE170 | |
| 050 | 4. | ‡aHC79.E5 | |
| 050 | 4. | ‡aGE220 | |
| 072 | 7. | ‡aLNKJ ‡2bicssc | |
| 072 | 7. | ‡aRNA ‡2bicssc | |
| 072 | 7. | ‡aLAW034000 ‡2bisacsh | |
| 100 | 1 | . | ‡aHarkins, Benjamin. ‡eeditor. |
| 245 | 1 | 0. | ‡aResettlement of Displaced Persons on the Thai-Myanmar Border ‡h[electronic resource] / ‡cedited by Benjamin Harkins, Supang Chantavanich. |
| 264 | 1. | ‡aCham : ‡bSpringer International Publishing : ‡bImprint: Springer, ‡c2014. | |
| 300 | . | ‡aXIX, 116 p. 34 illus., 31 illus. in color. ‡bonline resource. | |
| 336 | . | ‡atext ‡btxt ‡2rdacontent | |
| 337 | . | ‡acomputer ‡bc ‡2rdamedia | |
| 338 | . | ‡aonline resource ‡bcr ‡2rdacarrier | |
| 347 | . | ‡atext file ‡bPDF ‡2rda | |
| 490 | 1 | . | ‡aSpringerBriefs in Environment, Security, Development and Peace, ‡x2193-3162 ; ‡v18 |
| 650 | 0. | ‡aEnvironmental sciences. | |
| 650 | 0. | ‡aEnvironmental law. | |
| 650 | 0. | ‡aMigration. | |
| 650 | 1 | 4. | ‡aEnvironment. |
| 650 | 2 | 4. | ‡aEnvironmental Law/Policy/Ecojustice. |
| 650 | 2 | 4. | ‡aMigration. |
| 650 | 2 | 4. | ‡aInternational Relations. |
| 700 | 1 | . | ‡aChantavanich, Supang. ‡eeditor. |
| 710 | 2 | . | ‡aSpringerLink (Online service) |
| 773 | 0 | . | ‡tSpringer eBooks |
| 776 | 0 | 8. | ‡iPrinted edition: ‡z9783319027913 |
| 830 | 0. | ‡aSpringerBriefs in Environment, Security, Development and Peace, ‡x2193-3162 ; ‡v18 | |
| 856 | 4 | 0. | ‡uhttp://biblioteca.ipicyt.edu.mx:2048/login?url=http://dx.doi.org/10.1007/978-3-319-02792-0 ‡yTexto completo ‡9CONS |
| 950 | . | ‡aEarth and Environmental Science (Springer-11646) | |
| 901 | . | ‡a20503 ‡b ‡c20503 ‡tbiblio ‡sSystem Local | |